| 000 | 00749nam a2200229 a 4500 | ||
|---|---|---|---|
| 005 | 20170608084225.0 | ||
| 008 | 140224b1930 -Us||||| |||| 00| 0 eng d | ||
| 040 |
_aCO-BoIAVH _cCO-BoIAVH |
||
| 041 | _aeng | ||
| 044 | _axxu | ||
| 082 | 0 | 4 |
_a583.93 _bS78s |
| 100 | 1 | _aStandley, Paul L. | |
| 245 | 1 | _aThe Rubiaceae of Colombia | |
| 260 |
_aChicago: _bField Museum of Natural History, _c1930. |
||
| 300 | _a485 p. | ||
| 590 | _aLibro restaurado -- manejo especial | ||
| 650 | 2 | 4 |
_aRubiaceae _xtaxonomÃa _zColombia |
| 650 | 2 | 4 |
_aRubiaceae _xtaxonomÃa _zVenezuela |
| 700 | 1 | _aDahlgren, B. E. | |
| 856 | 1 | _uhttp://ia801408.us.archive.org/35/items/rubiaceaeofcolomfistan/rubiaceaeofcolomfistan.pdf | |
| 942 |
_cLIBRO _2ddc |
||
| 999 |
_c1000 _d1000 |
||